banner-ar

COMMERCIAL BANK FINANCIAL MANAGEMENT IN THE FINANCIAL - SERVICES INDUSTRY 4 th.ed / (Record no. 19576)

MARC details
000 -الفاتح
حقل البيانات ثابتة الطول 00476nam a2200157Ia 4500
008 - عناصر البيانات ثابتة الطول - معلومات عامة
حقل البيانات ثابتة الطول 140319s9999 xx 000 0 eng d
040 ## - مصدر الفهرسة
وكالة الفهرسة الأصلية GCL /
وكالة النسخ GCL
082 04 - رقم تصنيف ديوى العشرى
رقم التصنيف 332.12068
رقم المادة S C
100 1# - المدخل الرئيسى - إسم شخصى
الإسم الشخصى WESTON, J.F.
245 10 - بيان العنوان
العنوان COMMERCIAL BANK FINANCIAL MANAGEMENT IN THE FINANCIAL - SERVICES INDUSTRY 4 th.ed /
بيان المسئوليه,etc WESTON, J.F.
260 ## - PUBLICATION, DISTRIBUTION, ETC. (IMPRINT)
تاريخ النشر أو التوزيع 1992
300 ## - الوصف المادى
التعداد 866
650 04 - المدخل الاضافى بالموضوع-مصطلح موضوعى
مصطلح موضوعي BANK MANAGEMENT
942 ## - عناصر المدخل الإضافي( كوها)
مصدر التصنيف او مخطط الترفيف Dewey Decimal Classification
Koha [default] item type كتاب
100 1# - المدخل الرئيسى - إسم شخصى
-- Forwarder
260 ## - PUBLICATION, DISTRIBUTION, ETC. (IMPRINT)
-- [S.N] :
-- LITTLE, BROWN AND COMPANY ،
Holdings
حالة التراجع حالة الفقد حالة تلف ليس للاعارة المكان المؤقت الموقع الحالى تاريخ الاكتساب اجمالي اﻻعارات رقم الطلب الباركود تاريخ اخر مشاهدة تاريخ تفعيل السعر نوع وعاء كوها
        مكتبة القاهرة الكبرى مكتبة القاهرة الكبرى 03/26/2014   332.12068\S C 37251 03/26/2014 03/26/2014 كتاب

Powered By

EGPV